| 000 | 01145nam a2200265 a 4500 | ||
|---|---|---|---|
| 001 | 000037638 | ||
| 003 | DO-SdBNP | ||
| 005 | 20220810142142.0 | ||
| 008 | 121023s2012 dr a 001 0 spa d | ||
| 020 | _a978994588308 | ||
| 040 |
_aDO-SdBNP _bspa _cBNPHU |
||
| 082 | 4 |
_a972.9301 _bT134o _222 |
|
| 245 | 0 | 0 |
_aTaínos : orígenes, cultura, creencias, arte, herencia / _cManuel García Arévalo ... [et a.l]. |
| 260 |
_aSanto Domingo : _bOdebrecht, _c2012. |
||
| 300 |
_a267 p. : _bil ; _c32 cm. |
||
| 505 | 0 |
_tPrólogo -- _tLas culturas iniciales de la isla de Santo Domingo -- _tCultura taína -- _tReligión y mitología taínas -- _tEl arte taíno _tEl arte rupestre prehispánico en La Española -- _tLo que heredamos de los taínos -- _tGlosario-- _tBiliografía -- _tÍndice fotográfico -- _tLos autores. |
|
| 590 | _aInventariado, 2022/MFF | ||
| 650 | 4 |
_aArte taíno _982167 |
|
| 650 | 4 |
_aArqueología taína _982168 |
|
| 650 | 4 |
_aMitología taína _977708 |
|
| 650 | 4 |
_aTaínos _zRepública Dominicana _982169 |
|
| 700 | 1 |
_a García Arévalo, Manuel Antonio _d1948- _959457 |
|
| 910 | _aValidado. Control de calidad MFF | ||
| 942 |
_2ddc _cLBS1 |
||
| 999 |
_c37128 _d37128 |
||